Countries Closest to Saint Kitts and Nevis - Sudden Death - Statistics

General Stats
  • This quiz has been taken 20 times
  • The average score is 9 of 15
Answers on the Grid
Answers color-coded by a green-red scale on the quiz's grid according to % correct below.
Antigua and Barbuda
Dominica
Saint Lucia
Saint Vincent and the Grenadines
Grenada
Barbados
Dominican Republic
Trinidad and Tobago
Venezuela
Haiti
Guyana
Colombia
Bahamas
Cuba
Brazil
Panama
Suriname
Costa Rica
Nicaragua
Honduras
El Salvador
Guatemala
Belize
Mexico
United States
Canada
Ecuador
Peru
Bolivia
Paraguay
 
Answer Stats
Answer % Correct
Dominican Republic
100%
Antigua and Barbuda
88%
Grenada
88%
Saint Lucia
88%
Cuba
75%
Dominica
75%
Saint Vincent and the Grenadines
75%
Trinidad and Tobago
75%
Barbados
63%
Haiti
63%
Bahamas
50%
Venezuela
38%
Colombia
25%
Guyana
13%
Brazil
0%
No matching quizzes found
Score Distribution
Percent of People with Each Score
Percentile by Number Answered
Your Score History
You have not taken this quiz